National Park Quiz - Channel Islands - Statistics

General Stats
  • This quiz has been taken 5 times
  • The average score is 6 of 15
Answer Stats
Hint Answer % Correct
US State California
100%
Island home to grove of the critically endangered Torrey Pine tree Santa Rosa Island
75%
Town from which boat tours are launched Ventura
75%
Island with an iconic sea arch Anacapa Island
50%
Island owned by the US Navy, though publicly accessible San Miguel Island
50%
The largest island, co-owned by the NPS and the Nature Conservancy Santa Cruz Island
50%
Nearest other site managed by the National Park Service, with Santa Monica Mountains National Recreation Area
50%
Year designated as a national park 1980
25%
President who protected two of the islands as a national monument in 1938 Franklin Delano Roosevelt
25%
Portuguese explorer who visited the islands in 1542, now the namesake of a national monument in San Diego Juan Rodríguez Cabrillo
25%
The smallest island and the only one located in the Southern Channel Islands Santa Barbara Island
25%
International agency that designated the Channel Islands as a biosphere reserve UNESCO
25%
Native American tribe that established villages on the islands Chumash
0%
Native canine that has become smaller due to insular evolution Island fox
0%
Prehistoric mammal that only grew to about two meters tall, again due to insular evolution Pygmy Mammoth
0%
No matching quizzes found
Score Distribution
Percent of People with Each Score
Percentile by Number Answered
Your Score History
You have not taken this quiz